|
|
|
|
| LEADER |
00978nam a2200229 a 4500 |
| 001 |
GR-MES1296 |
| 008 |
991111s gr 000 0 gre d |
| 040 |
|
|
|a GrPaTEI
|b gre
|c GR-PaULI
|
| 082 |
|
0 |
|a 338.5
|2 21
|
| 245 |
0 |
0 |
|a Υποδείγματα και εφαρμογές στην μικροοικονομική ανάλυση /
|c Κώστα Δ. Τραχανά.
|
| 260 |
|
|
|a Αθήνα :
|b Το Οικονομικόν :
|b [χ.χ.]
|
| 300 |
|
|
|a 163σ. :
|b διαγρ. ;
|c 24εκ.
|
| 650 |
|
4 |
|a Αγορά
|
| 650 |
|
4 |
|a ΚΑΤΑΝΑΛΩΤΗΣ
|
| 650 |
|
4 |
|a ΜΙΚΡΟΟΙΚΟΝΟΜΙΑ
|
| 650 |
|
4 |
|a Οικονομία
|
| 700 |
1 |
|
|a Τραχανάς, Κώστας
|
| 710 |
0 |
|
|a Σμπίλιας
|
| 942 |
|
|
|2 ddc
|
| 952 |
|
|
|0 0
|1 0
|2 ddc
|3 τ. I
|4 0
|6 338_500000000000000_ΤΡΑ
|7 0
|9 265348
|a MSLG
|b MSLG
|c BSC
|d 2021-01-17
|e 24
|f 0
|g 0.00
|l 0
|o 338.5 ΤΡΑ
|p 2420000001931
|r 2021-01-17 00:00:00
|t 1
|w 2021-01-17
|y BK15
|x 19991111 0 1
|x GrPaTEI
|
| 971 |
|
|
|a .b25723388
|b 16-04-20
|c 13-09-16
|
| 999 |
|
|
|c 152557
|d 152557
|